000 01027cam a22002892 4500
001 0000003859
005 20151021151102.0
008 070515s xx 000 0 eng d
020 _a0582353866 :
_cKES 1,188
040 _aKABU
_cKABU
050 0 _aQA37.2
_b.B33 1985
100 1 _aBackhouse, J. K.
_@0000154064
245 1 0 _aPure mathematics book 1 /
_cJ. K. Backhouse, S. P. T. Houldsworth, P. J. F. Horrill.
250 _a4th ed.
260 _aLondon :
_bLongman,
_c1985.
300 _axix, 587 p.
362 0 _avol. 1.
650 0 _aMathematics.
_@0000148159
700 1 _aHouldsworth, S. P. T.
_@0000161255
700 1 _aHorril, P. J. F.
_@0000161256
908 _a070515
950 _@1
999 _c506
_d506